Science Quiz

Random Science or Chemistry Quiz
Score 0/16 Timer 10:00
0 Plays Today
questions Answer % Correct
How much protons does Oxygen have?8
100%
What is it called when a metal and a non-metal bonding?ionic
50%
what changes the speed of a reaction?
50%
what is the size of an atom?
50%
50%
50%
50%
50%
questions Answer % Correct
50%
50%
How big is one mole?6.2x10^10
0%
how many bonds does sulphate have?2 bonds
0%
whwhat makes up the atomic number of an atom?protons+electrons
0%
What is the relative formula mass?protons+neutrons
0%
How do you find out the number of moles?mass
0%
How do you find out the number of moles?Mass
0%
Remove Ads.
Support Sporcle.
Get the best of Sporcle when you Go Orange. This ad-free experience offers more features, more stats, and more fun while also helping to support Sporcle. Thank you for becoming a member.

You're not logged in!

Compare scores with friends on all Sporcle quizzes.
OR
Log In

Show Comments

Extras

Created Sep 19, 2013ReportNominate
Tags:Chemistry Quiz, test

Top Quizzes Today


Score Distribution

Your Account Isn't Verified!

In order to create a playlist on Sporcle, you need to verify the email address you used during registration. Go to your Sporcle Settings to finish the process.

Report this User

Report this user for behavior that violates our Community Guidelines.

Details: